Welcome to CU Library Online Public Access Catalogue (OPAC)

When the darkness will not lift (Record no. 4861)

MARC details
000 -LEADER
fixed length control field 00357nam a22001457a 4500
005 - DATE AND TIME OF LATEST TRANSACTION
control field 20250315110023.0
008 - FIXED-LENGTH DATA ELEMENTS--GENERAL INFORMATION
fixed length control field 250315b |||||||| |||| 00| 0 eng d
020 ## - INTERNATIONAL STANDARD BOOK NUMBER
International Standard Book Number 9781844741847
050 ## - LIBRARY OF CONGRESS CALL NUMBER
Classification number BV 4910.34 PIP
Item number 1
100 ## - MAIN ENTRY--PERSONAL NAME
Personal name PIPER, John
245 ## - TITLE STATEMENT
Title When the darkness will not lift
260 ## - PUBLICATION, DISTRIBUTION, ETC.
Place of publication, distribution, etc. England
Name of publisher, distributor, etc. IVP
Date of publication, distribution, etc. 2007
300 ## - PHYSICAL DESCRIPTION
Extent 79P
942 ## - ADDED ENTRY ELEMENTS (KOHA)
Source of classification or shelving scheme Library of Congress Classification
Koha item type Books
Suppress in OPAC No
999 ## -
-- 4861
-- 4861
Holdings
Withdrawn status Lost status Source of classification or shelving scheme Damaged status Not for loan Collection Home library Current library Shelving location Date acquired Total checkouts Full call number Barcode Date last seen Copy number Price effective from Koha item type
    Library of Congress Classification     Non-fiction Graduate Library (Christ Temple) Graduate Library (Christ Temple) General stacks 03/15/2025   BV 4910.34 PIP GSCT00000630 03/15/2025 1 03/15/2025 Books
    Library of Congress Classification     Non-fiction Graduate Library (Christ Temple) Graduate Library (Christ Temple) General stacks 03/17/2025   BV 4910 .34 PIP GSCT00000639 03/17/2025 2 03/17/2025 Books
© 2023-2024 Copyright: Central University Libraries. All Rights Reserved | Created by: Mahone Tech Office